[Event "Titled Tuesday intern op 08th Aug Early"]
[Site "Chess.com INT"]
[Date "2023.08.08"]
[Round "2"]
[White "Bueno, Alfeu Varela Jr"]
[Black "Karthikeyan, Pandiyan"]
[Result "1-0"]
[WhiteElo "2135"]
[BlackElo "1349"]
[PlyCount "70"]
[EventDate "2023.08.08"]
[EventType "swiss (blitz)"]
[EventRounds "11"]
[EventCountry "USA"]
[SourceTitle "EXT 2024"]
[Source "ChessBase"]
[SourceDate "2023.10.10"]
[SourceVersion "1"]
[SourceVersionDate "2023.10.10"]
[SourceQuality "1"]

1. e4 c5 2. Nc3 Nc6 3. f4 g6 4. Nf3 Bg7 5. Bb5 e6 6. Bxc6 bxc6 7. d3 d6 8. 0-0 Ne7 9. e5 0-0 10. Ne4 Nf5 11. exd6 Nd4 12. Nxc5 Nxf3+ 13. Qxf3 Qxd6 14. Ne4 Qd5 15. c4 Qd4+ 16. Kh1 Rd8 17. Rd1 Rb8 18. Rb1 f5 19. Nc3 c5 20. Be3 Qd6 21. Nb5 Qd7 22. Bxc5 Bb7 23. Qf2 a6 24. Nc3 e5 25. fxe5 Bxe5 26. d4 Bg7 27. d5 Rbc8 28. Rbc1 a5 29. b3 Re8 30. Bd4 Bh6 31. Rb1 a4 32. Nxa4 Re4 33. Nc5 Rxc5 34. Bxc5 Qe8 35. Re1 Bf4 1-0

[Event "Titled Tuesday intern op 18th Jul Early"]
[Site "Chess.com INT"]
[Date "2023.07.18"]
[Round "1"]
[White "Skuhala, Barbara"]
[Black "Karthikeyan, Pandiyan"]
[Result "1-0"]
[WhiteElo "2200"]
[BlackElo "1349"]
[PlyCount "87"]
[EventDate "2023.07.18"]
[EventType "swiss (blitz)"]
[EventRounds "11"]
[EventCountry "USA"]
[SourceTitle "EXT 2024"]
[Source "ChessBase"]
[SourceDate "2023.10.10"]
[SourceVersion "1"]
[SourceVersionDate "2023.10.10"]
[SourceQuality "1"]

1. e4 c5 2. Nf3 Nc6 3. d4 cxd4 4. Nxd4 Nf6 5. Nc3 d6 6. Bg5 Bd7 7. Qd2 Rc8 8. 0-0-0 Nxd4 9. Qxd4 Qa5 10. Bxf6 gxf6 11. Kb1 e6 12. f4 Be7 13. g4 Rg8 14. Be2 Qc5 15. Qd2 b5 16. Bf3 a5 17. Rhe1 b4 18. Ne2 a4 19. Nd4 a3 20. b3 Bd8 21. e5 fxe5 22. fxe5 Bg5 23. Qd3 dxe5 24. Nf5 Rc7 25. Nd6+ Ke7 26. Nc4 f6 27. Qxh7+ Kf8 28. Rxd7 Rxd7 29. Qxd7 Qf2 30. Qd1 Kg7 31. Be4 Rd8 32. Bd3 Qd4 33. Qf3 Qc3 34. Rf1 Rd7 35. Qe4 Kf8 36. Qxe5 Rxd3 37. Qxe6 Rf3 38. Rd1 Qd4 39. Re1 Kg7 40. Qe7+ Kg6 41. Qe8+ Kh6 42. Qh5+ Kg7 43. Re7+ Kg8 44. Qf7+ 1-0